Normal view
MARC view
- FABRICATION TECHNOLOGY
Entry Topical Term
001 - CONTROL NUMBER
- control field: 67894
003 - CONTROL NUMBER IDENTIFIER
- control field: NUST
005 - DATE AND TIME OF LATEST TRANSACTION
- control field: 20210628203930.0
008 - FIXED-LENGTH DATA ELEMENTS
- fixed length control field: 210628|| aca||aabn | a|a d
040 ## - CATALOGING SOURCE
- Original cataloging agency: NUST
- Transcribing agency: NUST
150 ## - HEADING--TOPICAL TERM
- Topical term or geographic name entry element: FABRICATION TECHNOLOGY
670 ## - SOURCE DATA FOUND
- Source citation: Work cat.: (NUST): Bader, Micahel.G 67893, Delaware composites design encyclopedia, processing and fabrication technology.vol-3, 1990
